| 000 | 00876nam a2200289Ia 4500 | ||
|---|---|---|---|
| 008 | 160803s9999 xx 000 0 und d | ||
| 020 | _a9780064472883 | ||
| 100 | _aMyers, Walter Dean | ||
| 245 | _aBad boy : | ||
| 245 | _cWalter Dean Myers. | ||
| 260 | _aNew York : | ||
| 260 | _bScholastic Inc. | ||
| 260 | _c2001 | ||
| 300 | _a214 pages ; | ||
| 300 | _c18 cm | ||
| 650 | _aAfrican American authors -- Biography -- | ||
| 650 | _aAuthors, American -- 20th century -- Biography -- | ||
| 650 | _aChildren's stories -- Authorship -- | ||
| 650 | _aMyers, Walter Dean, -- 1937- -- | ||
| 650 | _aMyers, Walter Dean, -- 1937-2014 -- Childhood and youth -- | ||
| 650 | _xChildhood and youth. | ||
| 650 | _xJuvenile literature. | ||
| 650 | _xJuvenile literature. | ||
| 650 | _xJuvenile literature. | ||
| 650 | _xJuvenile literature. | ||
| 700 | _a970 | ||
| 999 |
_c298221 _d298221 |
||